[Výkonnosť ekonomiky a ekonomický rast]

Recenzia na publikáciu J. Lisého: Výkonnosť ekonomiky a ekonomický rast. Stručné zhodnotenie obsahu publikácie. Publikácia zhŕňa výsledky dlhodobého výskumu autora v oblasti problematiky ekonomického rastu.

Gespeichert in:
Bibliographische Detailangaben
1. Verfasser: Gonda, Vladimír
Format: Buchkapitel
Sprache:Slowakisch
Schlagworte:
Tags: Tag hinzufügen
Keine Tags, Fügen Sie das erste Tag hinzu!

MARC

LEADER 00000naa a2200000 4500
001 r037692
005 20231002072619.0
041 0 |a slo 
044 |a SK 
245 1 0 |a [Výkonnosť ekonomiky a ekonomický rast]  |c Vladimír Gonda 
520 |a Recenzia na publikáciu J. Lisého: Výkonnosť ekonomiky a ekonomický rast. Stručné zhodnotenie obsahu publikácie. Publikácia zhŕňa výsledky dlhodobého výskumu autora v oblasti problematiky ekonomického rastu. 
610 2 0 |a recenzie 
610 2 0 |a rast hospodársky 
610 2 0 |a výkonnosť 
610 2 0 |a hospodárstvo národné 
610 2 0 |a výskum 
100 1 |a Gonda, Vladimír